South Eastern Kenya University

Library Online Public Access Catalogue


Steroid reaction mechanisms / (Record no. 2462)

MARC details
000 -LEADER
fixed length control field 00530cam a2200157 4500
020 ## - INTERNATIONAL STANDARD BOOK NUMBER
International Standard Book Number 0444406824
050 00 - LIBRARY OF CONGRESS CALL NUMBER
Classification number QD476
Item number .R4
100 1# - MAIN ENTRY--PERSONAL NAME
Personal name Kirk, D. N.
245 10 - TITLE STATEMENT
Title Steroid reaction mechanisms /
Statement of responsibility, etc. By D. N. Kirk and M. P. Hartshorn.
260 ## - PUBLICATION, DISTRIBUTION, ETC. (IMPRINT)
Place of publication, distribution, etc. Amsterdam [The Netherlands] ;
-- New York [USA] ;
-- London [UK] :
Name of publisher, distributor, etc. Elsevier Publishing Co.,
Date of publication, distribution, etc. c1968.
300 ## - PHYSICAL DESCRIPTION
Extent xii, 476 p.
500 ## - GENERAL NOTE
General note includes bibliographic references and index
650 ## - SUBJECT ADDED ENTRY--TOPICAL TERM
Topical term following geographic name as entry element Steroids ;
-- Organic reaction mechanisms
700 1# - ADDED ENTRY--PERSONAL NAME
Personal name Hartshorn, M. P.,
942 ## - ADDED ENTRY ELEMENTS (KOHA)
Koha item type General circulation
Holdings
Withdrawn status Lost status Source of classification or shelving scheme Damaged status Not for loan Home library Current library Shelving location Date acquired Cost, normal purchase price Serial Enumeration / chronology Total Checkouts Full call number Barcode Date last seen Price effective from Koha item type Public note
    Library of Congress Classification     Main Campus Library Main Campus Library General Stacks 29/08/2014 2227.28 Reaction mechanisms in organic chemistry ; No. 7   QD 476 .R4 2019/022539 29/08/2014 29/08/2014 General circulation Nzk
Kitui, Kenya.
+254736116989
library@seku.ac.ke